|
|
|
|
| LEADER |
01121cam a2200277 a 4500 |
| 001 |
3943 |
| 003 |
BD-DhAAL |
| 005 |
20150304101814.0 |
| 008 |
150304s1995 nyua b 001 0 eng |
| 010 |
|
|
|a 94041908
|
| 020 |
|
|
|a 0471042404 (acidfree paper)
|
| 040 |
|
|
|a DLC
|c DLC
|d DLC
|d BD-DhAAL
|
| 050 |
0 |
0 |
|a HV904
|b .A5 1995
|
| 082 |
0 |
0 |
|a 649/.151
|2 20
|
| 100 |
1 |
|
|a Albrecht, Donna G.
|9 9021
|
| 245 |
1 |
0 |
|a Raising a child who has a physical disability /
|c Donna G. Albrecht ; foreword by Robert Miller.
|
| 260 |
|
|
|a New York :
|b J. Wiley,
|c c1995.
|
| 300 |
|
|
|a xi, 228 p. :
|b ill. ;
|c 23 cm.
|
| 504 |
|
|
|a Includes bibliographical references and index.
|
| 541 |
|
|
|e 3943
|
| 650 |
|
0 |
|a Children with disabilities
|z United States.
|9 9022
|
| 650 |
|
0 |
|a Children with disabilities
|x Family relationships
|z United States.
|9 9023
|
| 650 |
|
0 |
|a Parents of children with disabilities
|z United States.
|9 9024
|
| 942 |
|
|
|2 ddc
|c BK
|
| 999 |
|
|
|c 33872
|d 33872
|
| 952 |
|
|
|0 0
|1 0
|2 ddc
|4 0
|6 649_151000000000000_ALB
|7 0
|9 52868
|a SCL
|b SCL
|c GEN
|d 2015-03-04
|e Gift: The Asia Foundation
|l 1
|m 1
|o 649.151 ALB
|p 3020003943
|r 2019-05-25
|s 2019-05-17
|t 1
|w 2015-03-04
|y BK
|